000 00278nam a22001217a 4500
008 180202b xxu||||| |||| 00| 0 eng d
041 _aeng
080 _a574
100 _a9
101 _amje
245 _athe complete vegtable garden guide
_cleonard.t
942 _2udc
_cBK
999 _c41602
_d41602